Statistics for Moldova Country Quiz

Click here to take the quiz!

General Stats

  • This quiz has been taken 8,769 times
    (8,490 since last reset)
  • The average score is 9 of 14

Answer Stats

ClueAnswer% Correct
Countries bordering MoldovaRomania
97%
Countries bordering MoldovaUkraine
96%
Country from which Moldova gained its independence in 1991Soviet Union
91%
Landlocked Moldova is about 50 km away from this seaBlack Sea
91%
93% of citizens belong to this branch of ChristianityEastern Orthodox
89%
Official languageRomanian (Moldovan)
86%
Capital cityChișinău
85%
Moldova is the _____ country in EuropePoorest
82%
Moldova has been making ____ for thousands of years. Today it is the
8th largest producer per-capita in the world.
Wine
58%
Breakaway republic on a small strip of land east of that riverTransnistria
49%
Historical region that covered most of Moldovan territory{Bess}arabia
36%
"Capital" of that breakaway republic, technically Moldova's second largest cityTiraspol
31%
River that flows along and near the Eastern borderDniester
30%
Currency of MoldovaLeu
27%

Score Distribution

Percentile by Number Answered

Percent of People with Each Score

Your Score History

You have not taken this quiz since the last reset